| 000 | 00411nam a22001097a 4500 | ||
|---|---|---|---|
| 008 | 230612b xxu||||| |||| 00| 0 eng d | ||
| 082 |
_a100001569 _b352.4908 KEN |
||
| 245 |
_aThe Appropriation and Other Public Accounts details Excluding Accounts of the funds of the Republic of Kenya for the Year 2006/2007 _cGovernment of Kenya |
||
| 260 |
_aKenya _bGovernment of Kenya _c2007 |
||
| 300 | _a733 P | ||
| 942 |
_2ddc _cBK |
||
| 999 |
_c1056 _d1056 |
||